Ähnliche Flaggen #2 - Statistiken

Allgemein
  • Dieses Quiz wurde 42 mal gespielt
  • Das Durchschnittsergebnis liegt bei 12 aus 20
Antwortstatistiken
Bildquiz Antwort % Korrekt
China
100%
Vietnam
94%
Egypt
61%
Georgia
61%
Germany
61%
Ireland
61%
Japan
61%
Norway
61%
Iceland
58%
Austria
56%
Belgium
56%
Bulgaria
56%
Hungary
56%
Bangladesh
50%
Iraq
50%
Ivory Coast
47%
Latvia
44%
Palau
44%
Tonga
39%
Yemen
39%
Keine übereinstimmenden Quizze gefunden
Verteilung der Resultate
Anzahl Personen mit jedem Resultat
Perzentil nach korrekt beantworteten Fragen
Ihre Resultats-Entwicklung
Sie haben dieses Quiz noch nicht gespielt